00881cam a2200253 a 4500001000400000003001000004005001700014008004100031020001800072040002500090080001600115090001700131100002500148245015300173260003800326300002000364504002500384650001800409650002400427650002900451942001200480952012200492999001300614262BR-CuiBMT20231028190654.0230914s2014 mgb 000 0 por d a9788577008254 aBR-CuiBMTcBR-CuiBMT a343.222007 a343.2bL864p1 aLopes, Jair Leonardo12aA política criminal da "lei e da ordem" :banteprojeto de reforma da parte geral do código penal - uma visão crítica /cJair Leonardo Lopes. aBelo Horizonte :bFórum,c2014. a118 p. ;c22 cm aInclui bibliografia. aDireito penal aPolítica criminal aDireito processual penal 2udccLV 00102udc4070aBIBTCEMTbBIBTCEMTd2023-07-28l0o343.2 L864ppBIBTCEMT23090044r2023-09-14tEx. 1w2023-09-14yLV c262d262